| 000 | 00347nam a2200133Ia 4500 | ||
|---|---|---|---|
| 008 | 240624s9999 xx 000 0 und d | ||
| 041 | _aeng | ||
| 082 | _a658.8 BUS | ||
| 100 | _aBUSINESSWORLD | ||
| 245 | _aMARKETING WHITEBOOK 2013 2014 DECODING D | ||
| 260 |
_c2013 _aNew Delhi _bBusinessworld |
||
| 300 | _a308 : p. : cm. ; 20 | ||
| 365 |
_cRS _b25 |
||
| 999 |
_c23184 _d23184 |
||